| 000 | 00387nam a22001697a 4500 | ||
|---|---|---|---|
| 005 | 20160614135949.0 | ||
| 008 | 160614b xxu||||| |||| 00| 0 eng d | ||
| 020 | _a81-7866-892-0 | ||
| 041 | _aeng | ||
| 082 | _b7454 | ||
| 100 |
_aMemoriya & Gankor _91892 |
||
| 245 | _aDynamics of Industrial Relations. | ||
| 260 | _bHPH | ||
| 300 | _a891 | ||
| 650 |
_aManagement _9241 |
||
| 942 | _cBK | ||
| 999 |
_c2659 _d2658 |
||